Datum a čas kvízu
31
Celkem bodů
Celkový počet nahraných bodů na tomto kvízu bez doplňovacích otázek.
9.
Pořadí na kvízu
Konečné umístění týmu na tomto kvízu.
Zaznamenané odpovědi
| # | Otázka | Odpověď | Body | Výsledky |
|---|---|---|---|---|
| 1. | Český prezident Miloš Zeman se... | Vídeň, šilink (Schilling) | 1 | |
| 2. | Mezinárodní skupina vědců přiš... | Skrillex | 1 | |
| 3. | Knihou roku 2019 je román Hodi... | Magnesia Litera | 1 | |
| 4. | Minulý týden bylo oznámeno, že... | Prima a CNN | 1 | |
| 5. | Fotbalisté anglického klubu, h... | Tottenham Hotspur FC | 0 | |
| 6. | V tomto tématu ověříme vaše zn... | pouze jelení zvěř | 1 | |
| 7. | Vyberte jedno psí plemeno, kte... | A | 0 | |
| 8. | Jelen bílý je zvláštní barevno... | Žleby, Žehušice, Kopidlno a Janovice | 0 | |
| 9. | Kolikaterák je tento jelen? | desaterák (nerovný) | 0 | |
| 10. | Co v myslivecké mluvě znamená... | kančí kly | 1 |